000 00427nam a2200193Ia 4500
008 210210b1837 xxu||||| |||| 00| 0 eng d
041 _aeng
082 _a940/40
100 _aCARLYLE (T)
245 _aFrench revolution Vol I
260 _aLondon
_bChapman & Hall
_c1837
440 _a1
650 _aVol
650 _arevolution
650 _aI
650 _aFrench
690 _aEuropean History
906 _a025110
999 _c150959
_d150959